|
|
|
|
| LEADER |
00000nas a2200000 a 4500 |
| 001 |
ssj0000802787 |
| 003 |
WaSeSS |
| 005 |
20200512172242.0 |
| 006 |
m d |
| 007 |
cr n |
| 008 |
110228c20109999rm ar s 1 0rum c |
| 010 |
|
|
|a 2012254066
|
| 035 |
|
|
|a (WaSeSS)ssj0000802787
|
| 040 |
|
|
|a AU@
|b eng
|c AU@
|d OCLCQ
|d CUS
|d OCLCO
|d IUL
|d OCLCA
|d OCLCF
|d OCLCO
|d OCLCQ
|d OCLCO
|d OCLCA
|d OCL
|d OCLCA
|d UAB
|d VT2
|d OCL
|d WaSeSS
|
| 041 |
0 |
|
|a rum
|a eng
|
| 042 |
|
|
|a pcc
|
| 050 |
1 |
4 |
|a QC902.8
|
| 245 |
0 |
0 |
|a Aerul şi apa
|h [electronic resource] :
|b componente ale mediului.
|
| 246 |
3 |
|
|a Aerul şi apa : componente ale mediului
|
| 246 |
1 |
1 |
|a Air and water : components of the environment,
|f 2011-
|
| 260 |
|
|
|a Cluj-Napoca :
|b Presa Universitară Clujeană,
|c 2010-
|
| 310 |
|
|
|a Annual
|
| 362 |
1 |
|
|a Began with 2010.
|
| 500 |
|
|
|a "Dedicată ZILEI MONDIALE A METEOROLOGIEI ŞI ZILEI MONDIALE A APEI."
|
| 506 |
|
|
|a License restrictions may limit access.
|
| 546 |
|
|
|a Text in Romanian and English.
|
| 588 |
|
|
|a Description based on: 2010; title from PDF cover (publisher's Web site, viewed Dec. 13, 2012).
|
| 588 |
|
|
|a Latest issue consulted: 2012 (viewed Dec. 13, 2012).
|
| 650 |
|
0 |
|a Climatic changes
|v Congresses.
|
| 650 |
|
0 |
|a Water-supply
|x Climatic factors
|v Congresses.
|
| 650 |
|
0 |
|a Water quality
|v Congresses.
|
| 650 |
|
0 |
|a Air quality
|v Congresses.
|
| 650 |
|
0 |
|a Pollution
|v Congresses.
|
| 650 |
|
7 |
|a Air quality.
|2 fast
|0 (OCoLC)fst00802503
|
| 650 |
|
7 |
|a Climatic changes.
|2 fast
|0 (OCoLC)fst00864229
|
| 650 |
|
7 |
|a Pollution.
|2 fast
|0 (OCoLC)fst01070069
|
| 650 |
|
7 |
|a Water quality.
|2 fast
|0 (OCoLC)fst01171832
|
| 650 |
|
7 |
|a Water-supply
|x Climatic factors.
|2 fast
|0 (OCoLC)fst01172358
|
| 655 |
|
0 |
|a Electronic journals.
|
| 710 |
2 |
|
|a Universitatea "Babeș-Bolyai."
|b Facultatea de Geografie.
|
| 711 |
2 |
|
|a Conferința Aerul şi Apa Componente ale Mediului.
|
| 776 |
0 |
8 |
|i Print version:
|t Aerul şi apa : componente ale mediului
|x 2067-743X
|
| 856 |
4 |
0 |
|z Full text available from Research Library: 01/01/2009 to present
|u https://search.proquest.com/publication/2026591
|